|
|
|
|
| LEADER |
01193nam a2200301 u 4500 |
| 001 |
10080867 |
| 003 |
upatras |
| 005 |
20241005063340.0 |
| 008 |
091009s2001 uk eng |
| 020 |
|
|
|a 0521643171
|
| 040 |
|
|
|a GR-PaULI
|c GR-PaULI
|
| 041 |
0 |
|
|a eng
|
| 082 |
0 |
4 |
|a 190.090 34
|
| 100 |
1 |
|
|a Dahlstrom, Daniel O.
|9 39872
|
| 245 |
1 |
0 |
|a Heidegger's concept of truth
|c Daniel O. Dahlstrom
|
| 260 |
|
|
|a Cambridge
|b Cambridge University Press
|c 2001
|
| 300 |
|
|
|a xxx, 462 p.
|c 23 cm.
|
| 490 |
0 |
|
|a Modern european philosophy / Robert B. Pippin
|
| 504 |
|
|
|a Includes index
|
| 650 |
|
4 |
|a Ηθική, Σύγχρονη
|9 82234
|
| 650 |
|
4 |
|9 8975
|a Φιλοσοφία, Γερμανική
|y 20ός αιώνας
|
| 600 |
1 |
0 |
|a Heidegger, Martin,
|d 1889-1976
|9 6202
|
| 760 |
0 |
|
|a Modern European philosophy
|
| 852 |
|
|
|a GR-PaULI
|b ΠΑΤΡΑ
|b ΦΙΛΟΣΟΦΙΑ
|k ΑΣΧΞ-4
|h HEID 190.090 34 COM
|m 7789
|p 025000188505
|t 1
|
| 942 |
|
|
|2 ddc
|c BK15
|
| 952 |
|
|
|0 0
|1 0
|4 0
|6 HEID_190_090000000000000_34_COM
|7 0
|9 84798
|a PHIL
|b PHIL
|d 2016-04-24
|i 7789
|l 1
|o HEID 190.090 34 COM
|p 025000188505
|r 2018-04-26 00:00:00
|s 2018-03-30
|t 1
|w 2016-04-24
|y BK15
|
| 998 |
|
|
|c ΠΑΝΑΓΟΠΟΥΛΟΣ
|d 2000-10
|
| 999 |
|
|
|c 56666
|d 56666
|